000 00298nam a22001337a 4500
008 170503b xxu||||| |||| 00| 0 eng d
020 _a9781401840334
041 _aeng
080 _24TH
_a34
100 _a14
101 _aSHJ
245 _aLAW, LIABILITY AND ETHICS
_cFLIGHT, M
942 _2udc
_cBK
999 _c12492
_d12492